00376nam a2200109Ia 4500008004100000082000800041100001700049245008000066942000600146952009900152999001500251240331s9999 xx 000 0 und d bOUR aSharma,M. ed 0aOur struggles our lives :btrue stories of the lives of Indian single women cL 001040708LaWERCLbWERCLcSSCd2024-03-31l0o 323.334 OURp3756r2024-03-31w2024-03-31yL c1403d1403